| 000 | 00878cam a22002773a 4500 | ||
|---|---|---|---|
| 001 | 14636 | ||
| 003 | PGUSA | ||
| 005 | 20140828083319.0 | ||
| 008 | 050108s2005||||xxu|||||s|||||000 | eng d | ||
| 040 |
_aPGUSA _beng |
||
| 042 | _adc | ||
| 050 | 4 | _aB | |
| 100 | 1 |
_aUnamuno, Miguel de, _d1864-1936 |
|
| 245 | 1 | 0 |
_aTragic Sense Of Life _h[electronic resource] / _cMiguel de Unamuno |
| 260 |
_bProject Gutenberg, _c2005 |
||
| 506 | _aPublic domain in the USA. | ||
| 516 | _aElectronic text | ||
| 653 | _aImmortality -- Christianity | ||
| 653 | _aFaith and reason -- Christianity | ||
| 653 | _aTragic, The -- Religious aspects -- Christianity | ||
| 700 | 1 |
_aFlitch, J. E. Crawford _q(John Ernest Crawford) |
|
| 740 | 0 | _aDel sentimiento trĂ¡gico de la vida. English | |
| 830 | 0 |
_aProject Gutenberg _v14636 |
|
| 856 | 4 | 0 | _uhttp://www.gutenberg.org/ebooks/14636 |
| 942 | _cEB | ||
| 999 |
_c243891 _d243891 |
||